[Event "International Championship of Central S"]
[Site "Paracin, hotel "]
[Date "2016.07.08"]
[Round "2.22"]
[White "Chekletsov, Ilya"]
[Black "Atalik, Suat"]
[Result "0-1"]
[WhiteElo "2223"]
[BlackElo "2564"]
[PlyCount "94"]
[EventDate "2016.07.07"]
[Source "Perpetual Check"]

1. d4 Nf6 2. c4 g6 3. Nc3 Bg7 4. e4 d6 5. Nf3 O-O 6. Be2 c6 7. O-O e5 8. dxe5
dxe5 9. Qxd8 Rxd8 10. Nxe5 Re8 11. f4 Nfd7 12. Nxd7 Bd4+ 13. Kh1 Nxd7 14. Bf3
Nb6 15. Ne2 Bg7 16. Rb1 Nxc4 17. b3 Nd6 18. Rd1 Nxe4 19. Bxe4 Bg4 20. Bd3 Bxe2
21. Bxe2 Rxe2 22. Bd2 c5 23. h3 Rd8 24. Be1 Rxd1 25. Rxd1 Bd4 26. a4 f5 27. a5
Re4 28. Bd2 Kf7 29. Kh2 Ke6 30. g4 Be3 31. Kg3 Bxd2 32. Rxd2 Re3+ 33. Kh4 Rxb3
34. Rd8 Rb5 35. Rh8 c4 36. Rxh7 Rc5 37. Rxb7 c3 38. Rb1 Rxa5 39. Re1+ Kf7 40.
Rc1 Rc5 41. Rc2 fxg4 42. hxg4 a5 43. Kg3 a4 44. Kf3 a3 45. Ke3 a2 46. Rc1 c2
47. Kd2 Rd5+ 0-1